Tilastot visalle Ei-tunnustetut valtiot

Klikkaa tästä pelataksesi tätä visaa!

Yleistilastot

  • Tätä visaa on pelattu 34 kertaa
  • Keskiarvotulos 7 / 8

Vastaustilastot

Uusi valtio
Nykyinen
valtio
alueella
% Oikein
PalestiinaIsrael
100%
Pohjois-KyprosKypros
100%
SomalimaaSomalia
97%
Länsi-SaharaMarokko
93%
Artsakh
(ent. Vuoristo-Karabah)
Azerbaidžan
79%
TransnistriaMoldova
76%
AbhasiaGeorgia
66%
Etelä-OssetiaGeorgia
66%

Tulosjakauma

Persentiili vastausten määrän mukaan

Jokaisen tuloksen saaneiden osuus

Tuloshistoriasi

Et ole pelannut tätä visaa